000 01454nam a22003977a 4500
003 CHAP
005 20250913062743.0
008 971013s1987 r 00010 d
010 _a70348
011 _a71320
035 _a80874
040 _cCHAP
090 _aTesis
100 0 0 _aChapa Guerrero, Jorge Raúl.
_921878
245 _aDinámica del sistema estructural de un andosol mólico del estado de Michoacán bajo tres sistemas de laboreo
260 _aChapingo, Méx. :
_bEl autor,
_c1987
300 _a227 h.
502 _aTesis (Maestro en Ciencias Esp. en Edafología) -- CP. Centro de Edafología
590 _aALEPH
_b10
_c20130110
_lUCH01
_h1410
590 _aBATCH-UPD
_b10
_c20130110
_lUCH01
_h0413
590 _aBATCH-UPD
_b10
_c20130110
_lUCH01
_h2012
590 _aBATCH-UPD
_b10
_c20130410
_lUCH01
_h0048
590 _aBATCH-UPD
_b10
_c20130410
_lUCH01
_h1548
590 _aBATCH-UPD
_b10
_c20130914
_lUCH01
_h0918
590 _aCONVERSION
_b10
_c20130109
_lUCH01
_h1339
650 1 7 _aLabranza
_xEfecto en suelos
_2
_964305
650 1 4 _aSuelos volcánicos.
_9110567
650 1 4 _aSuelos
_xEstructura.
_9110360
650 1 4 _aSuelos
_xFísica de.
_9110373
650 1 4 _aSuelos
_xMichoacán.
_9110433
710 0 _aColegio de Postgraduados. Chapingo, Méx. Centro de Edafología.
_925074
901 _aBK
942 _cFOLL
949 _bBC
_cTES
_d-33884
_eTS2
_fc.2
_h19678
_i80874
_si
949 _bBC
_cTES
_d33724002164959
_eTS1
_h19677
_i80874
_si
999 _c70348
_d70348